000 004340000a22001810004500
003 LK-CoMWRAF
005 20231114184220.0
008 230817t ||||| |||| 00| 0 eng d
040 _aLK-CoMWRAF
_dLK-CoMWRAF
_eLK-CoMWRAF
041 _aeng
082 _a823
_bLAC
100 _aLacey, Robert
245 _aThe Kingdom
260 _bGreat Britain :
_aHutchinson,
_c1981
300 _a630p
650 _aEnglish Fiction
942 _cBK
999 _c629
_d629